| 000 | 00751nam a2200289Ia 4500 | ||
|---|---|---|---|
| 001 | 8204 | ||
| 005 | 20240113234055.0 | ||
| 007 | ta | ||
| 008 | 050718s1982 a g b000 u eng u | ||
| 020 | _a0 416 07090 6 | ||
| 040 | _aCotton College,Assam | ||
| 041 | _aeng | ||
| 082 |
_a910.133 _bH 66 Ec |
||
| 100 | _aHodder, B.W. . | ||
| 245 | 0 |
_aEconomic Geography / _cB.W. Hodder, Roger Lee. _hTextual Documents |
|
| 250 | _a1st ed. / | ||
| 260 |
_aLondon : _bMethuen & Co Ltd , _c1982. |
||
| 300 |
_axvi, 207p. : _bill. ; _c24cm . |
||
| 504 | _aBib, Index | ||
| 653 | _aGeography | ||
| 653 | _aEconomic geography | ||
| 653 | _aPG-Geography | ||
| 700 | _aLee, Roger . | ||
| 942 |
_2ddc _cBK |
||
| 999 |
_c8191 _d8191 |
||